Astarim (notice n° 9562)
[ vue normale ]
| 000 -Label | |
|---|---|
| leader | 00714nam a2200241 4500 |
| 010 ## - ISBN | |
| ISBN | 9973-757-04-1 |
| 010 ## - ISBN | |
| ISBN | 9973-757-38-6 |
| 099 ## - Informations locales | |
| Type de document | Livre |
| 100 ## - Données générales de traitement | |
| a | 20260318d u||y0frey5050 ba |
| 101 ## - Langue | |
| langue document | français |
| 102 ## - Pays d'édition ou de production | |
| pays d'édition | Tunisie |
| 200 ## - Titre | |
| titre propre | Astarim |
| type de document | Livre |
| sous-titre | Trois poèmes d'anti-naissance |
| auteur | René Passeron |
| 210 ## - Editeur | |
| lieu de publication | Tunis |
| nom de l'éditeur | l'Or du Temps |
| date de publication | 1997 |
| 215 ## - Description | |
| Importance matérielle | 67 p. |
| autres carac. | couv.coul.ill. |
| format | 21x14 |
| 225 ## - collection | |
| Collection | Mirage |
| 600 ## - sujets | |
| sujet | Passeron |
| prénom | René |
| subdiv. sujet | Peintre français |
| -- | Peinture française |
| koha internal code | 26333 |
| 606 ## - sujets | |
| sujet | Poèmes et Illustrations |
| subdiv. géo. | Tunisie |
| koha internal code | 26334 |
| 676 ## - classification | |
| indice Dewey | 841 PAS |
| 700 ## - Auteur | |
| code de fonction | Auteur |
| -- | Illustrateur |
| auteur | Passeron |
| prénom | René |
| koha internal code | 26335 |
| 801 ## - source de catalogage | |
| pays | TN |
| agence de catalogage | 32BIS |
| date de la transaction | 20260318 |
| règles de catalogage utilisées | UNIMARC |
| 830 ## - note | |
| catalogeur | ABA |
| Propriétaire | Dépositaire | Localisation | Code barre | Numéro Inventaire | Cote | Note | Statut |
|---|---|---|---|---|---|---|---|
| The 32bis Library | The 32bis Library | Salle de lecture 32BIS | 007373 | 7292 | 841 PAS | Dépôt MAB | Consultable sur place |